|
|
|
|
| LEADER |
00000nam0a2200000 4500 |
| 001 |
277826 |
| 005 |
20231101235043.0 |
| 020 |
|
|
|a RU
|b 86-28432
|
| 035 |
|
|
|a (RuTPU)RU\TPU\book\301103
|
| 090 |
|
|
|a 277826
|
| 100 |
|
|
|a 20141206d1986 km y0rusy5003 ca
|
| 101 |
0 |
|
|a rus
|
| 102 |
|
|
|a RU
|
| 105 |
|
|
|a a g 001zy
|
| 200 |
1 |
|
|a Интервальные оценки в геологических исследованиях
|e справочное пособие
|f Р. И. Коган
|
| 210 |
|
|
|a Москва
|c Недра
|d 1986
|
| 215 |
|
|
|a 161 с.
|c ил.
|
| 320 |
|
|
|a Библиогр.: с. 157-158
|
| 320 |
|
|
|a Предм. указ.: с. 159
|
| 606 |
1 |
|
|a Геология
|x Математические методы
|2 stltpush
|3 (RuTPU)RU\TPU\subj\6103
|9 34062
|
| 610 |
1 |
|
|a геологические исследования
|
| 610 |
1 |
|
|a точечные оценки
|
| 610 |
1 |
|
|a интервальные оценки
|
| 610 |
1 |
|
|a рудные месторождения
|
| 610 |
1 |
|
|a запасы
|
| 610 |
1 |
|
|a природный газ
|
| 610 |
1 |
|
|a нефть
|
| 610 |
1 |
|
|a оценка
|
| 610 |
1 |
|
|a поиск
|
| 610 |
1 |
|
|a минералы
|
| 610 |
1 |
|
|a справочные пособия
|
| 675 |
|
|
|a 55:51(035)
|v 4
|
| 700 |
|
1 |
|a Коган
|b Р. И.
|g Роберт Иосифович
|4 070
|
| 801 |
|
0 |
|a RU
|b RuMRKP
|c 19950704
|g psbo
|
| 801 |
|
1 |
|a RU
|b 63413507
|c 20141206
|
| 801 |
|
2 |
|a RU
|b 63413507
|c 20171222
|g RCR
|
| 942 |
|
|
|c BK
|